Normal view
MARC view
Entry Personal Name
001 - CONTROL NUMBER
- control field: 157538
003 - CONTROL NUMBER IDENTIFIER
- control field: OSt
005 - DATE AND TIME OF LATEST TRANSACTION
- control field: 20220923211037.0
008 - FIXED-LENGTH DATA ELEMENTS
- fixed length control field: 220923|| aca||aabn | a|a d
040 ## - CATALOGING SOURCE
- Original cataloging agency: OSt
- Transcribing agency: OSt
100 ## - HEADING--PERSONAL NAME
- Personal name: टैगोर, सौम्येन्द्रनाथ; वर्मा, शुभा, अनु
670 ## - SOURCE DATA FOUND
- Source citation: Work cat.: (OSt)294426: टैगोर, सौम्येन्द्रनाथ; वर्मा, शुभा, अनु., राजा राममोहन राय, शुभा वर्मा अन ु, 1999
